Départements Nouvelle Aquitaine - Statistiques

Statistiques générales
  • Ce quiz a été pris 213 fois
  • Le résultat moyen est 10 sur 12
Statistiques - réponses
Département % Correct
Gironde
95%
Charente
93%
Charente Maritime
91%
Dordogne
89%
Landes
89%
Pyrenées Atlantiques
89%
Vienne
86%
Haute Vienne
83%
Correze
82%
Lot et Garonne
81%
Creuse
80%
Deux Sevres
77%
Aucun quiz correspondant
Distribution des résultats
% des personnes avec chaque résultat
Percentile par nombre de réponses
Votre historique - résultats
Vous n’avez pas pris ce quiz